Statistics for Italian olympic medals at the 2012 summer olympics

Click here to take the quiz!

General Stats

  • This quiz has been taken 16 times
  • The average score is 15 of 28

Answer Stats

SportEventAnswer% Correct
FencingWomen's FoilArianna Errigo
80%
VolleyballMen's TournamentBari, Birarelli, Boninfante, Fei, Giovi, Lasko, Mastrangelo, Papi, Parodi, Savani, Travica, Zaytsev
80%
BoxingMen's HeavyweightClemente Russo
80%
FencingWomen's Team FoilDi Francisca, Errigo, Salvadori, Vezzali
80%
FencingWomen's FoilElisa Di Francisca
80%
ArcheryMen's TeamFrangilli, Galiazzo, Nespoli
80%
ShootingWomen's TrapJessica Rossi
80%
ShootingMen's 10m Air RifleNiccolò Campriani
80%
ShootingMen's 50m Rifle Three PositionsNiccolò Campriani
80%
BoxingMen's Super-HeavyweightRoberto Cammarelle
80%
FencingWomen's FoilValentina Vezzali
80%
Water PoloMen's TournamentAicardi, Felugo, Figlioli, Fiorentini, Gallo, Giacoppo, Giorgetti, Gitto, Pastorino, Perez, Premus, Presciutti, Tempesti
60%
FencingMen's Team FoilAspromonte, Avola, Baldini, Cassarà
60%
AthleticsMen's Triple JumpFabrizio Donato
60%
CyclingMen's Cross-CountryMarco Aurelio Fontana
60%
GymnasticsMen's RingsMatteo Morandi
60%
FencingMen's Team SabreMontano, Occhiuzzi, Tarantino, Samele
60%
CanoeingMen's Slalom K-1Daniele Molmenti
40%
FencingMen's SabreDiego Occhiuzzi
40%
SwimmingWomen's 10km Open WaterMartina Grimaldi
40%
Rhythmic GymnasticsWomen's TeamBlanchi, Laurito, Pagnini, Santoni, Savrayuk, Stefanescu
20%
ShootingMen's TrapMassimo Fabbrizi
20%
TaekwondoMen's 80kgMauro Sarmiento
20%
RowingMen's Double ScullsRomano Battisti / Alessio Sartori
20%
JudoWomen's 52kgRosalba Forciniti
20%
BoxingMen's Light-WelterweightVincenzo Mangiacapre
20%
TaekwondoMen's 80kgCarlo Molfetta
0%
ShootingMen's 10 m air pistolLuca Tesconi
0%

Score Distribution

Percentile by Number Answered

Percent of People with Each Score

Your Score History

You have not taken this quiz